00781nam a2200181 a 4500003000200000005001700002008004100019050002800060100002400088245011100112260009000223300004000313504004100353650004700394650004300441650006400484650005100548020250224092737.0101013s19uu xx 00 eng d aPHS E 184.J3b.M31 2010 aManansala, Melissa. aThe Japanese-American experience in the United States of America during World War II /cMelissa Manansala. aLas Piñas City, Philippines :bSouthville International School and Colleges,c2010. a40 pages :billustrations ;c30 cm. aIncludes bibliographical references. aJapanese AmericansxHistoryz20th century. aWorld War, 1939–1945zUnited States. aJapanese AmericansxEvacuation and relocation, 1942–1945. aInternment of Japanese Americans, 1942–1945.